000 01184nam a2200337 a 4500
008
020 _a9780081003725 (hardback)
040 _aNUST
_cNUST
049 _aMAIN
090 _aR857.P6
_bSCI
245 1 0 _aScience and principles of biodegradable and bioresorbable medical polymers :
_bmaterials and properties/
_cedited by Xiang Zhang.
260 _aAmsterdam :
_bWoodhead Publishing,
_c2017.
300 _axviii, 458 pages :
_billustrations (some colour) ;
_c24 cm.
336 _atext
_btxt
_2rdacontent
337 _aunmediated
_bn
_2rdamedia
338 _avolume
_bnc
_2rdacarrier
440 _aWoodhead Publishing Series in Biomaterials No.117.
500 _aIncludes index.
504 _aIncludes bibliographical references.
650 _aPolymers
_xBiodegradation.
650 _aPolymers in medicine.
650 _aPolymers in medicine
_xBiodegradation.
650 _aBiodegradable plastics.
650 _aBiopolymers.
650 _aBiodegradable products.
700 _aZhang, Xiang.,
_aeditor.
907 _a.b10401416
_b14-10-21
_c27-04-21
003
005 20230123141223.0
942 _cBOOKS
_kR857.P6
_mSCI
999 _c169762
_d169762